Ranking dos Estados Brasileiros por taxa de pobreza - Statistics

Estatísticas Gerais
  • Esse quiz foi jogado 112 vezes
  • A pontuação média é 19 de 27
Estatísticas das Respostas
# Estados Taxa de pobreza % Correto
2 Rio Grande do Sul 13,5%
93%
1 Santa Catarina 10,1%
93%
3 Distrito Federal 15,7%
88%
4 Paraná 17,6%
86%
5 São Paulo 17,8%
86%
8 Goiás 22,6%
81%
10 Minas Gerais 25,2%
81%
9 Rio de Janeiro 22,8%
81%
6 Mato Grosso 20,2%
79%
11 Espírito Santo 27,2%
78%
7 Mato Grosso do Sul 20,9%
76%
12 Rondônia 31,6%
74%
13 Tocantins 33,5%
71%
27 Maranhão 57,9%
67%
16 Acre 45,5%
64%
17 Ceará 45,8%
64%
14 Rio Grande do Norte 42,8%
64%
20 Pará 46,8%
60%
15 Piauí 45,1%
58%
22 Bahia 47,3%
57%
21 Paraíba 47,1%
57%
26 Amazonas 51,4%
56%
18 Roraima 46,1%
53%
25 Alagoas 50,3%
50%
19 Amapá 46,8%
50%
24 Pernambuco 50,3%
50%
23 Sergipe 48,1%
50%
Nenhum quiz correspondente encontrado
Distribuição das Pontuações
Porcentagem de Pessoas com Cada Pontuação
Percentil de Números Respondidos
Sua Pontuação Histórica
Você não jogou esse quiz